01073 a2200193 45000010006000000050017000060080041000230030015000640400040000790800145001192450116002640200022003802640033004023000018004355050298004530410008007511000032007598560088007913524920260407155636.0260407a2012 arg spa dAR-UNSa-BCEJYS aAR-UNSa-BCEJYSbspacAR-UNSa-BCEJYS a658.012.4xGestión. Dirección. Autoridad. Técnicas y métodos de gestión (gestión del conocimiento, Outsourcing, Benchmarking...)10aBenchmarking en el sector públicopAportes y propuestas de implementación para la Provincia de Buenos Aires a978-987-33-2236-5 1aBuenos Aires :b[s.n.]c2012 a48 p.c21 cm. a1. Presentación - 2. La implementación de la técnica en la Provincia de Buenos Aires - 3. La teoría: modelos y enfoques de los principales autores - 4. Metodologías y prácticas institucionales - 5. El benchmarking en la Provincia de Buenos Aires - 6. Propuestas de implementación aspa1 aDel Giorgio Solfa, Federico41uhttps://170.210.207.44/pmb/images/libros/L125585.jpgyImagen de portadaqimage/jpeg